| 000 | 00685nam a2200217 a 4500 | ||
|---|---|---|---|
| 001 | 000009449 | ||
| 005 | 20200929161610.0 | ||
| 008 | 090930s1997 dr 000 p spa d | ||
| 020 | _a9768056827 | ||
| 040 |
_aDO-SdBNP _bspa _cBNPHU |
||
| 082 |
_aAr861.44 _bS669e |
||
| 100 | 1 |
_aSánchez, Carlos, _d1942- _924255 |
|
| 245 | 1 | 3 |
_aLa efímera dulzura de vivir / _cCarlos Sánchez. |
| 260 |
_aSanto Domingo : _bBuho, _c1997. |
||
| 300 |
_a118 p. ; _c22 cm. |
||
| 500 | _aIncluye datos biográficos del autor en las solapas | ||
| 590 | _aInventariado, 2019 / DG | ||
| 650 | 4 |
_aPoesía argentina _93859 |
|
| 650 | 4 |
_aLiteratura argentina _93860 |
|
| 910 | _aValidado. Control de calidad MFF | ||
| 999 |
_c9209 _d9209 |
||